000 00464nmm a2200181Ia 4500
008 251105s9999||||xx |||||||||||||||||und||
041 _aspa
100 _aLund, Elena
245 0 _aDeseo peligroso
264 _a[Madrid, España] :
_bSaga Egmont,
_c2020
300 _a0 páginas
490 _aLUST
650 _aErotic novel
700 _aLund, Elena
700 1 _a Orozco, Javier
856 _uhttps://public.digitaliapublishing.com/a/99651
942 _cCF
999 _c68087
_d68087